Statistics for Winning Countries of the 4x100 Metres Relay

Click here to take the quiz!

General Stats

  • This quiz has been taken 68 times
  • The average score is 9 of 16

Answer Stats

Country % Correct
United States
100%
Jamaica
97%
Great Britain
90%
Canada
87%
France
84%
Germany
77%
Russia
64%
Soviet Union
54%
Australia
41%
Bahamas
39%
East Germany
38%
Netherlands
31%
Poland
25%
West Germany
25%
Belgium
20%
South Africa
10%

Score Distribution

Percentile by Number Answered

Percent of People with Each Score

Your Score History

You have not taken this quiz